000
00192 a2200097 4500
001
3111
100
_a
Russell, B
245
_a
Autobiography
260
_a
_b
Routledge
_c
090
_c
2393
_d
2393
942
_a
NUST-CAE
_c
M
_c
15480
999
_c
238184
_d
238184